Normal view
MARC view
- الملكية العقارية
Entry Topical Term
001 - CONTROL NUMBER
- control field: 63550
003 - CONTROL NUMBER IDENTIFIER
- control field: JO-AjAnu
005 - DATE AND TIME OF LATEST TRANSACTION
- control field: 20230606084355.0
008 - FIXED-LENGTH DATA ELEMENTS
- fixed length control field: 230606|| aca||aabn | a|a d
040 ## - CATALOGING SOURCE
- Original cataloging agency: JO-AjAnu
- Transcribing agency: JO-AjAnu
150 ## - HEADING--TOPICAL TERM
- Topical term or geographic name entry element: الملكية العقارية
670 ## - SOURCE DATA FOUND
- Source citation: Work cat.: (JO-AjAnu)32401: اعداد حمزات، نور جميل حسين؛ إشراف منتصر القضاة, author 63549, الطبيعة القانونية لتقسيم المال الشائع وفقا لقانون الملكية العقارية =The Legal nature of common money division according to real estate law